|
|
|
|
| LEADER |
00781nam a22002412a 4500 |
| 001 |
000954018 |
| 003 |
CZ BrMZK |
| 005 |
20091029125010.0 |
| 007 |
ta |
| 008 |
090709s1965 xr er|||||||||||cze d |
| 015 |
|
|
|a cnb000481850
|
| 035 |
|
|
|a (OCoLC)40973061
|
| 040 |
|
|
|a BOA001
|b cze
|
| 100 |
1 |
|
|a Slavík, Ivan,
|d 1920-2002
|7 jk01111857
|4 aut
|
| 245 |
1 |
0 |
|a Stín třtiny /
|c Ivan Slavík
|
| 250 |
|
|
|a 1. vyd.
|
| 260 |
|
|
|a Praha :
|b Československý spisovatel,
|c 1965
|
| 300 |
|
|
|a 78 s.
|
| 856 |
4 |
1 |
|u http://www.digitalniknihovna.cz/mzk/uuid/uuid:94b973b0-da65-11e2-9923-005056827e52
|y Digitalizovaný dokument
|x NDK
|
| 910 |
|
|
|a BOA001
|b 1-0538.096
|
| 990 |
|
|
|a BK
|
| 991 |
|
|
|b 200907
|
| 996 |
6 |
|
|b 2619458022
|c 1-0538.096
|l MZK
|r Sklad / do 1 hodiny
|n 2
|w 001085919
|u 000010
|a 1
|e BOA001
|j MZK50
|s P
|